00373nam a2200145Ia 4500008004100000041000800041082001800049100001400067245003500081260004100116300000900157500003100166650001600197700001400213230125s9999 xx 000 0 und d aeng a658.4033bJHA aJhamb L C aQuantitative Techniques vol. I c1988bEverest Publishing houseaPune a590p aQT;Quantitative Techniques aMathematics aJhamb L C